Vista normal
Vista MARC
Entrada Personal Name
Número de registros utilizados en: 1
001 - CONTROL NUMBER
- control field: 12605
003 - CONTROL NUMBER IDENTIFIER
- control field: DLC
005 - DATE AND TIME OF LATEST TRANSACTION
- control field: 20220518181150.0
008 - FIXED-LENGTH DATA ELEMENTS
- fixed length control field: 171213n| azannaabn |n aaa
010 ## - LIBRARY OF CONGRESS CONTROL NUMBER
- LC control number: n 2017074015
040 ## - CATALOGING SOURCE
- Original cataloging agency: DLC
- Language of cataloging: spa
- Transcribing agency: Mx-PuUPA
- Description conventions: rda
- Modifying agency: DLC
- Modifying agency: Mx-PuUPA
046 ## - SPECIAL CODED DATES
- Birth date: 19830226
- Source of date scheme: edtf
100 1# - HEADING--PERSONAL NAME
- Personal name: Carlson, Scott,
- Dates associated with a name: 1983-
374 ## - OCCUPATION
- Occupation: Autor
375 ## - GENDER
- Gender: hombre
377 ## - ASSOCIATED LANGUAGE
- Language code: eng
670 ## - SOURCE DATA FOUND
- Source citation: Music preservation and archiving today, 2018:
- Information found: t.p. (Scott Carlson) ecip data (b. 02/26/1983)
670 ## - SOURCE DATA FOUND
- Source citation: Linked data for the perplexed librarian, 2020:
- Information found: CIP t.p. (Scott Carlson) galley (data professional and former metadata librarian living in the Pacific Northwest; previously a metadata coordinator at Rice University's Fondren Library and cataloging and metadata librarian at the American University of Sharjah (in the United Arab Emirates))